Compilers: Principles, techniques and tools (Record no. 141776)

MARC details
000 -LEADER
fixed length control field 00378nam a2200145Ia 4500
008 - FIXED-LENGTH DATA ELEMENTS--GENERAL INFORMATION
fixed length control field 230917s9999||||xx |||||||||||||| ||und||
040 ## - CATALOGING SOURCE
-- 127997
Original cataloging agency VIVEKANANDA LIBRARY
041 ## - Language
-- English
082 ## - DDC NUMBER
Classification number 005.453 A68C
100 ## - MAIN ENTRY--PERSONAL NAME
Personal name Aho, Alfred V
245 #0 - TITLE STATEMENT
Title Compilers: Principles, techniques and tools
260 ## - PUBLICATION, DISTRIBUTION, ETC. (IMPRINT)
Place of publication, distribution, etc New Delhi
Name of publisher, distributor, etc Pearson Education
Date of publication, distribution, etc 2007
300 ## - PHYSICAL DESCRIPTION
Pages x, 596 p.
942 ## - ADDED ENTRY ELEMENTS (KOHA)
Koha item type Books
Holdings
Withdrawn status Lost status Damaged status Not for loan Location (home branch) Sublocation or collection (holding branch) Shelving location Date acquired Koha issues (times borrowed) Koha full call number Accession No. Koha date last seen Koha item type
        VIVEKANANDA LIBRARY VIVEKANANDA LIBRARY UIET Library 26/01/2010 1 005.453 A68C 249220 14/10/2023 Books
        VIVEKANANDA LIBRARY VIVEKANANDA LIBRARY UIET Library 26/01/2010   005.453 A68C 249222 17/09/2023 Books
        VIVEKANANDA LIBRARY VIVEKANANDA LIBRARY UIET Library 26/01/2010   005.453 A68C 249223 17/09/2023 Books
        VIVEKANANDA LIBRARY VIVEKANANDA LIBRARY UIET Library 26/01/2010   005.453 A68C 249224 17/09/2023 Books
        VIVEKANANDA LIBRARY VIVEKANANDA LIBRARY UIET Library 26/01/2010   005.453 A68C 249225 17/09/2023 Books
        VIVEKANANDA LIBRARY VIVEKANANDA LIBRARY UIET Library 26/01/2010   005.453 A68C 249226 17/09/2023 Books
        VIVEKANANDA LIBRARY VIVEKANANDA LIBRARY UIET Library 26/01/2010   005.453 A68C 249227 17/09/2023 Books
        VIVEKANANDA LIBRARY VIVEKANANDA LIBRARY UIET Library 26/01/2010   005.453 A68C 249229 17/09/2023 Books
        VIVEKANANDA LIBRARY VIVEKANANDA LIBRARY UIET Library 26/01/2010 1 005.453 A68C 249230 20/01/2025 Books
        VIVEKANANDA LIBRARY VIVEKANANDA LIBRARY UIET Library 26/01/2010   005.453 A68C 249231 17/09/2023 Books
        VIVEKANANDA LIBRARY VIVEKANANDA LIBRARY UIET Library 26/01/2010 1 005.453 A68C 249232 04/03/2024 Books
        VIVEKANANDA LIBRARY VIVEKANANDA LIBRARY UIET Library 26/01/2010   005.453 A68C 249233 17/09/2023 Books
        VIVEKANANDA LIBRARY VIVEKANANDA LIBRARY   26/01/2010   005.453 A68C 290462 17/09/2023 Books
© Designed and Maintained by Vivekananda Library, MDU Rohtak